000 004440000a22001570004500
020 _a0-8308-1292-X
041 0 _aENG
082 0 4 _aG 242.4 R9881r
100 1 _aRyan, Dale (1947-)
245 1 0 _aRooted in god's love : Biblical meditations for people in recovery / Dale and Juanita Ryan
260 _aDowners Grove, ILL., USA : InterVarsity
300 _a256 Pag
650 1 4 _aBIBLIA - MEDITACIONES \ CONSUELO
001 5012
942 _cBK
999 _c35516
_d35516